| 000 | 00546nam a2200181Ia 4500 | ||
|---|---|---|---|
| 008 | 100917s9999 xx 000 0 und d | ||
| 082 | _b26865 | ||
| 100 | _aसाठे शं. गो. | ||
| 245 | _aस्वप्नींचे हे धन | ||
| 260 |
_bप्यापुलर प्रकाशन _c1959 |
||
| 300 | _a78 | ||
| 365 | _b2 | ||
| 520 | _aनाटक | ||
| 630 | _aस्वप्नींचे हे धन | ||
| 650 | _aनाटक | ||
| 730 | _aस्वप्नींचे हे धन | ||
| 942 | _cBOOK | ||
| 999 |
_c632259 _d632256 |
||